[Event "High League 2022 men"]
[Site "Obninsk"]
[Date "2022.06.26"]
[Round "1.10"]
[White "Grebnev, Aleksey"]
[Black "Sakaev, Konstantin"]
[Result "1/2-1/2"]
[LiveChessVersion "1.4.7"]
[BlackElo "2603"]
[WhiteElo "2439"]

1. d4 {[%clk 1:30:52]} Nf6 {[%clk 1:30:52]} 2. c4 {[%clk 1:31:07]} e6
{[%clk 1:31:16]} 3. Nc3 {[%clk 1:31:32]} Bb4 {[%clk 1:31:31]} 4. e3
{[%clk 1:31:49]} O-O {[%clk 1:31:49]} 5. Bd2 {[%clk 1:32:02]} c5 {[%clk 1:31:46]}
6. a3 {[%clk 1:32:09]} Bxc3 {[%clk 1:31:33]} 7. Bxc3 {[%clk 1:32:29]} Ne4
{[%clk 1:31:58]} 8. Ne2 {[%clk 1:32:17]} b6 {[%clk 1:32:06]} 9. d5
{[%clk 1:31:48]} Ba6 {[%clk 1:32:10]} 10. b3 {[%clk 1:31:43]} b5 {[%clk 1:29:05]}
11. Qc2 {[%clk 1:31:10]} exd5 {[%clk 1:27:26]} 12. cxd5 {[%clk 1:31:33]} Nxc3
{[%clk 1:21:37]} 13. Nxc3 {[%clk 1:31:51]} b4 {[%clk 1:21:47]} 14. Bxa6
{[%clk 1:32:05]} Nxa6 {[%clk 1:22:09]} 15. axb4 {[%clk 1:32:28]} cxb4
{[%clk 1:21:50]} 16. Rxa6 {[%clk 1:14:30]} Rc8 {[%clk 1:22:00]} 17. O-O
{[%clk 1:14:42]} Rxc3 {[%clk 1:21:58]} 18. Qa2 {[%clk 1:14:28]} Qg5
{[%clk 1:21:13]} 19. d6 {[%clk 1:07:38]} Qd5 {[%clk 1:03:27]} 20. Rxa7
{[%clk 1:06:43]} Qxd6 {[%clk 0:53:41]} 21. Qa4 {[%clk 1:04:13]} Rd3
{[%clk 0:46:13]} 22. Ra6 {[%clk 1:01:57]} Qc5 {[%clk 0:45:34]} 23. Ra5
{[%clk 1:02:15]} Qd6 {[%clk 0:41:25]} 24. Ra6 {[%clk 1:02:39]} 1/2-1/2

[Event "High League 2022 men"]
[Site "Obninsk"]
[Date "2022.06.26"]
[Round "1.11"]
[White "Zvjaginsev, Vadim"]
[Black "Obgolts, Erik"]
[Result "1-0"]
[LiveChessVersion "1.4.7"]
[BlackElo "2435"]
[WhiteElo "2603"]

1. Nf3 {[%clk 1:30:53]} Nf6 {[%clk 1:30:49]} 2. d4 {[%clk 1:30:40]} g6
{[%clk 1:30:41]} 3. g3 {[%clk 1:30:55]} Bg7 {[%clk 1:31:06]} 4. Bg2
{[%clk 1:31:21]} O-O {[%clk 1:31:26]} 5. O-O {[%clk 1:31:45]} d6 {[%clk 1:31:31]}
6. Re1 {[%clk 1:32:02]} Ne4 {[%clk 1:14:27]} 7. c3 {[%clk 1:27:08]} c6
{[%clk 1:12:36]} 8. Nbd2 {[%clk 1:19:54]} Nxd2 {[%clk 1:12:02]} 9. Bxd2
{[%clk 1:20:01]} e5 {[%clk 1:07:22]} 10. e4 {[%clk 1:19:43]} Qc7 {[%clk 0:59:03]}
11. h3 {[%clk 1:15:06]} Nd7 {[%clk 0:56:16]} 12. Qc2 {[%clk 1:15:22]} Nf6
{[%clk 0:50:59]} 13. Rad1 {[%clk 1:11:54]} h6 {[%clk 0:44:01]} 14. c4
{[%clk 1:10:45]} Be6 {[%clk 0:41:15]} 15. Bc3 {[%clk 0:59:48]} exd4
{[%clk 0:34:57]} 16. Bxd4 {[%clk 0:57:39]} c5 {[%clk 0:34:52]} 17. Bc3
{[%clk 0:54:31]} Rad8 {[%clk 0:29:37]} 18. b3 {[%clk 0:52:47]} Nd7
{[%clk 0:27:14]} 19. Nh2 {[%clk 0:48:10]} Ne5 {[%clk 0:19:45]} 20. Qb2
{[%clk 0:43:43]} f5 {[%clk 0:16:43]} 21. f4 {[%clk 0:37:54]} Nc6 {[%clk 0:17:09]}
22. exf5 {[%clk 0:35:20]} Bxf5 {[%clk 0:17:35]} 23. Nf3 {[%clk 0:30:04]} Bxc3
{[%clk 0:17:05]} 24. Qxc3 {[%clk 0:28:35]} Qg7 {[%clk 0:17:24]} 25. Qxg7+
{[%clk 0:27:41]} Kxg7 {[%clk 0:17:49]} 26. Kh2 {[%clk 0:21:24]} Bc8
{[%clk 0:15:07]} 27. Re4 {[%clk 0:20:28]} Bf5 {[%clk 0:11:50]} 28. Re2
{[%clk 0:20:20]} Bc8 {[%clk 0:12:06]} 29. Re4 {[%clk 0:18:37]} Bf5
{[%clk 0:12:26]} 30. Re2 {[%clk 0:18:25]} Bc8 {[%clk 0:12:43]} 31. Red2
{[%clk 0:16:40]} Rf6 {[%clk 0:13:09]} 32. Ne1 {[%clk 0:15:28]} Nd4
{[%clk 0:12:51]} 33. Nc2 {[%clk 0:15:51]} Nxc2 {[%clk 0:13:09]} 34. Rxc2
{[%clk 0:16:18]} b6 {[%clk 0:11:45]} 35. Re2 {[%clk 0:16:17]} Re6
{[%clk 0:10:58]} 36. Rxe6 {[%clk 0:16:16]} Bxe6 {[%clk 0:11:24]} 37. g4
{[%clk 0:16:39]} Kf6 {[%clk 0:09:32]} 38. Kg3 {[%clk 0:17:00]} Bf7
{[%clk 0:05:59]} 39. Bd5 {[%clk 0:13:10]} Bxd5 {[%clk 0:05:12]} 40. Rxd5
{[%clk 0:43:30]} a6 {[%clk 0:34:20]} 41. h4 {[%clk 0:42:15]} b5 {[%clk 0:28:40]}
42. h5 {[%clk 0:41:21]} gxh5 {[%clk 0:23:55]} 43. Rxh5 {[%clk 0:41:27]} Kg7
{[%clk 0:24:21]} 44. Rd5 {[%clk 0:38:04]} bxc4 {[%clk 0:22:42]} 45. bxc4
{[%clk 0:38:15]} a5 {[%clk 0:22:21]} 46. Kh4 {[%clk 0:34:16]} a4 {[%clk 0:14:39]}
47. Kh5 {[%clk 0:32:00]} Rd7 {[%clk 0:13:02]} 48. f5 {[%clk 0:30:05]} Rd8
{[%clk 0:13:28]} 49. a3 {[%clk 0:27:21]} Re8 {[%clk 0:12:25]} 50. Rxd6
{[%clk 0:27:38]} Re3 {[%clk 0:12:51]} 51. f6+ {[%clk 0:25:59]} Kf7
{[%clk 0:13:16]} 52. Kxh6 {[%clk 0:26:23]} Rxa3 {[%clk 0:13:43]} 53. Kg5
{[%clk 0:26:39]} Ke6 1-0

[Event "High League 2022 men"]
[Site "Obninsk"]
[Date "2022.06.26"]
[Round "1.12"]
[White "Tsvetkov, Andrey"]
[Black "Alekseev, Evgeny"]
[Result "1/2-1/2"]
[LiveChessVersion "1.4.7"]
[BlackElo "2601"]
[WhiteElo "2398"]

1. d4 {[%clk 1:30:57]} Nf6 {[%clk 1:30:55]} 2. c4 {[%clk 1:31:15]} e6
{[%clk 1:31:14]} 3. Nc3 {[%clk 1:31:30]} Bb4 {[%clk 1:28:40]} 4. e3
{[%clk 1:31:54]} O-O {[%clk 1:28:04]} 5. Bd2 {[%clk 1:32:20]} d5 {[%clk 1:27:42]}
6. Nf3 {[%clk 1:32:26]} b6 {[%clk 1:26:47]} 7. cxd5 {[%clk 1:32:51]} exd5
{[%clk 1:26:52]} 8. Rc1 {[%clk 1:33:18]} Be7 {[%clk 1:22:36]} 9. Ne5
{[%clk 1:31:49]} Bb7 {[%clk 1:21:19]} 10. Bd3 {[%clk 1:31:21]} c5
{[%clk 1:18:02]} 11. O-O {[%clk 1:31:08]} Nc6 {[%clk 1:17:00]} 12. a3
{[%clk 1:28:11]} Rc8 {[%clk 1:01:40]} 13. Bf5 {[%clk 1:25:36]} Ra8
{[%clk 0:54:58]} 14. Bb1 {[%clk 1:06:36]} Rc8 {[%clk 0:45:18]} 15. Bf5
{[%clk 1:03:27]} Ra8 {[%clk 0:43:57]} 16. Bb1 {[%clk 0:57:28]} Rc8
{[%clk 0:41:16]} 1/2-1/2

[Event "High League 2022 men"]
[Site "Obninsk"]
[Date "2022.06.26"]
[Round "1.13"]
[White "Goryachkina, Aleksandra"]
[Black "Shapiro, David"]
[Result "1/2-1/2"]
[LiveChessVersion "1.4.7"]
[BlackElo "2393"]
[WhiteElo "2599"]

1. d4 {[%clk 1:30:52]} d5 {[%clk 1:30:53]} 2. c4 {[%clk 1:31:08]} c6
{[%clk 1:31:12]} 3. cxd5 {[%clk 1:30:52]} cxd5 {[%clk 1:31:37]} 4. Bf4
{[%clk 1:31:12]} Nc6 {[%clk 1:30:51]} 5. e3 {[%clk 1:31:07]} Nf6 {[%clk 1:30:27]}
6. Nc3 {[%clk 1:31:22]} a6 {[%clk 1:30:27]} 7. Be2 {[%clk 1:30:33]} Bf5
{[%clk 1:29:27]} 8. Nf3 {[%clk 1:29:46]} e6 {[%clk 1:29:10]} 9. Qb3
{[%clk 1:28:55]} Nh5 {[%clk 1:27:43]} 10. Qxb7 {[%clk 1:19:05]} Na5
{[%clk 1:27:46]} 11. Qc7 {[%clk 1:19:22]} Nxf4 {[%clk 1:27:48]} 12. Qxd8+
{[%clk 1:18:49]} Rxd8 {[%clk 1:28:10]} 13. exf4 {[%clk 1:19:12]} Rb8
{[%clk 1:27:30]} 14. O-O-O {[%clk 1:15:22]} Bb4 {[%clk 1:26:40]} 15. Nh4
{[%clk 1:13:25]} Bxc3 {[%clk 1:24:39]} 16. bxc3 {[%clk 1:13:34]} Be4
{[%clk 1:24:07]} 17. f3 {[%clk 1:08:40]} Bb1 {[%clk 1:21:53]} 18. Rd2
{[%clk 1:08:27]} Nc4 {[%clk 1:21:49]} 19. Bxc4 {[%clk 1:06:43]} dxc4
{[%clk 1:22:13]} 20. Rb2 {[%clk 1:05:53]} Rxb2 {[%clk 1:22:33]} 21. Kxb2
{[%clk 1:06:18]} Bd3 {[%clk 1:22:55]} 22. g3 {[%clk 1:03:57]} Kd7
{[%clk 1:18:44]} 23. Ng2 {[%clk 0:56:52]} Rb8+ {[%clk 1:18:04]} 24. Ka1
{[%clk 0:54:39]} f6 {[%clk 0:54:45]} 25. Rc1 {[%clk 0:53:09]} Kd6
{[%clk 0:47:18]} 26. Ne1 {[%clk 0:51:08]} Kd5 {[%clk 0:39:38]} 27. Nc2
{[%clk 0:48:37]} a5 {[%clk 0:37:39]} 28. Ne3+ {[%clk 0:46:01]} Kc6
{[%clk 0:36:44]} 29. a4 {[%clk 0:37:36]} Kd6 {[%clk 0:28:43]} 30. Ka2
{[%clk 0:36:03]} h5 {[%clk 0:15:19]} 31. h4 {[%clk 0:29:50]} Rf8 {[%clk 0:14:39]}
32. Rh1 {[%clk 0:25:44]} e5 {[%clk 0:09:14]} 33. dxe5+ {[%clk 0:21:10]} fxe5
{[%clk 0:09:39]} 34. f5 {[%clk 0:17:29]} g6 {[%clk 0:07:01]} 35. Rd1
{[%clk 0:11:26]} Kc5 {[%clk 0:05:54]} 36. g4 {[%clk 0:07:33]} gxf5
{[%clk 0:05:48]} 37. gxf5 {[%clk 0:06:45]} Rg8 {[%clk 0:04:59]} 38. f6
{[%clk 0:02:26]} Rf8 {[%clk 0:03:30]} 39. Rg1 {[%clk 0:01:47]} Rxf6
{[%clk 0:03:49]} 40. Rg3 {[%clk 0:31:54]} Kd6 {[%clk 0:31:11]} 41. Kb2
{[%clk 0:29:06]} Rf4 {[%clk 0:28:10]} 42. Ng2 {[%clk 0:24:57]} Rf8
{[%clk 0:27:51]} 43. Ne1 {[%clk 0:19:26]} Rb8+ {[%clk 0:24:40]} 44. Kc1
{[%clk 0:11:17]} Rb1+ {[%clk 0:24:52]} 45. Kd2 {[%clk 0:11:46]} Rb2+
{[%clk 0:24:58]} 46. Kd1 {[%clk 0:12:05]} Ra2 {[%clk 0:17:55]} 47. Rg5
{[%clk 0:10:46]} Rxa4 {[%clk 0:17:54]} 48. Rxh5 {[%clk 0:10:42]} Ra1+
{[%clk 0:17:08]} 49. Kd2 {[%clk 0:11:05]} Ra2+ {[%clk 0:17:35]} 50. Kd1
{[%clk 0:09:14]} Ke6 {[%clk 0:10:50]} 51. Rh6+ {[%clk 0:05:18]} Kf5
{[%clk 0:06:28]} 52. Nxd3 {[%clk 0:04:56]} cxd3 {[%clk 0:06:54]} 53. Rd6
{[%clk 0:04:59]} e4 {[%clk 0:06:17]} 54. fxe4+ {[%clk 0:05:23]} Kxe4
{[%clk 0:06:43]} 55. h5 {[%clk 0:05:08]} a4 {[%clk 0:04:47]} 56. h6
{[%clk 0:04:45]} Rh2 {[%clk 0:03:20]} 57. Re6+ {[%clk 0:04:11]} Kf4
{[%clk 0:02:47]} 58. Rf6+ {[%clk 0:04:09]} Ke5 {[%clk 0:02:34]} 59. Ra6
{[%clk 0:04:23]} Ke4 {[%clk 0:02:41]} 60. Re6+ {[%clk 0:04:47]} Ke5 1/2-1/2

[Event "High League 2022 men"]
[Site "Obninsk"]
[Date "2022.06.26"]
[Round "1.14"]
[White "Remizov, Yaroslav"]
[Black "Kobalia, Mikhail"]
[Result "1-0"]
[LiveChessVersion "1.4.7"]
[BlackElo "2590"]
[WhiteElo "2390"]

1. e4 {[%clk 1:30:57]} c5 {[%clk 1:30:52]} 2. Nf3 {[%clk 1:31:23]} d6
{[%clk 1:31:12]} 3. Bb5+ {[%clk 1:31:38]} Nd7 {[%clk 1:30:59]} 4. O-O
{[%clk 1:31:56]} a6 {[%clk 1:30:36]} 5. Be2 {[%clk 1:32:21]} Ngf6
{[%clk 1:29:55]} 6. d3 {[%clk 1:32:45]} g6 {[%clk 1:25:46]} 7. c4
{[%clk 1:31:44]} b5 {[%clk 1:20:41]} 8. cxb5 {[%clk 1:25:17]} axb5
{[%clk 1:20:42]} 9. d4 {[%clk 1:25:20]} c4 {[%clk 1:17:08]} 10. Nc3
{[%clk 1:15:04]} b4 {[%clk 0:47:43]} 11. Nb5 {[%clk 1:13:45]} Nb6
{[%clk 0:46:59]} 12. e5 {[%clk 1:09:20]} Nfd5 {[%clk 0:46:36]} 13. Nd2
{[%clk 1:02:51]} Nc7 {[%clk 0:34:58]} 14. Nxc7+ {[%clk 1:01:57]} Qxc7
{[%clk 0:35:25]} 15. exd6 {[%clk 1:02:17]} exd6 {[%clk 0:35:32]} 16. Re1
{[%clk 0:57:42]} Be7 {[%clk 0:34:38]} 17. Nxc4 {[%clk 0:57:22]} Nxc4
{[%clk 0:34:29]} 18. Bxc4 {[%clk 0:57:49]} Qxc4 {[%clk 0:30:52]} 19. Bg5
{[%clk 0:57:29]} Be6 {[%clk 0:17:25]} 20. Bxe7 {[%clk 0:57:53]} Kxe7
{[%clk 0:17:28]} 21. d5 {[%clk 0:58:12]} Rac8 {[%clk 0:13:26]} 22. Qd2
{[%clk 0:48:49]} Rhf8 {[%clk 0:11:01]} 23. Rad1 {[%clk 0:44:38]} Qc5
{[%clk 0:10:23]} 24. Qh6 {[%clk 0:43:16]} Kf6 {[%clk 0:06:03]} 25. dxe6
{[%clk 0:42:14]} fxe6 {[%clk 0:06:30]} 26. Re3 {[%clk 0:41:11]} Rf7
{[%clk 0:06:14]} 27. Rf3+ {[%clk 0:39:11]} Ke7 {[%clk 0:06:42]} 28. Rxf7+
{[%clk 0:38:46]} Kxf7 {[%clk 0:07:11]} 29. Qxh7+ {[%clk 0:39:06]} Kf6
{[%clk 0:07:41]} 30. Qh4+ {[%clk 0:36:00]} Kf7 {[%clk 0:08:06]} 31. h3
{[%clk 0:36:20]} Qc4 {[%clk 0:05:42]} 32. Rd4 {[%clk 0:35:45]} Qc1+
{[%clk 0:03:19]} 33. Kh2 {[%clk 0:36:11]} g5 {[%clk 0:03:44]} 34. Qh7+
{[%clk 0:33:42]} Kf6 {[%clk 0:04:14]} 35. Qh6+ {[%clk 0:31:49]} Kf7
{[%clk 0:04:30]} 36. Rxb4 {[%clk 0:30:56]} Rc7 {[%clk 0:03:39]} 37. f4
{[%clk 0:30:19]} Qc5 {[%clk 0:02:38]} 38. Rb8 {[%clk 0:30:23]} 1-0

[Event "High League 2022 men"]
[Site "Obninsk"]
[Date "2022.06.26"]
[Round "1.15"]
[White "Afanasiev, Nikita"]
[Black "Sutormin, Danila"]
[Result "1-0"]
[LiveChessVersion "1.4.7"]
[BlackElo "2382"]
[WhiteElo "2583"]

1. c4 {[%clk 1:30:58]} c6 {[%clk 1:30:44]} 2. Nf3 {[%clk 1:31:15]} Nf6
{[%clk 1:30:40]} 3. b3 {[%clk 1:31:16]} d5 {[%clk 1:30:15]} 4. Bb2
{[%clk 1:31:41]} g6 {[%clk 1:21:38]} 5. e3 {[%clk 1:29:18]} Bg7 {[%clk 1:21:57]}
6. d4 {[%clk 1:29:03]} O-O {[%clk 1:22:18]} 7. Nbd2 {[%clk 1:29:13]} Bf5
{[%clk 1:20:49]} 8. Be2 {[%clk 1:29:16]} Nbd7 {[%clk 1:12:56]} 9. O-O
{[%clk 1:29:12]} Ne4 {[%clk 1:12:39]} 10. Nxe4 {[%clk 1:27:53]} dxe4
{[%clk 1:06:31]} 11. Nd2 {[%clk 1:23:26]} h5 {[%clk 1:05:38]} 12. h3
{[%clk 1:21:11]} h4 {[%clk 0:55:47]} 13. f3 {[%clk 1:18:42]} exf3
{[%clk 0:47:25]} 14. Bxf3 {[%clk 1:13:18]} Bd3 {[%clk 0:45:04]} 15. Be2
{[%clk 1:11:40]} Bxe2 {[%clk 0:45:09]} 16. Qxe2 {[%clk 1:12:05]} e5
{[%clk 0:45:05]} 17. Qg4 {[%clk 1:09:51]} Qe7 {[%clk 0:26:19]} 18. Nf3
{[%clk 1:08:16]} Bf6 {[%clk 0:26:06]} 19. Rad1 {[%clk 1:03:05]} Rae8
{[%clk 0:14:26]} 20. d5 {[%clk 1:02:06]} cxd5 {[%clk 0:10:26]} 21. Rxd5
{[%clk 1:01:42]} Rd8 {[%clk 0:09:29]} 22. Rfd1 {[%clk 0:59:32]} Nb6
{[%clk 0:09:03]} 23. Rxd8 {[%clk 0:51:02]} Rxd8 {[%clk 0:09:27]} 24. Rxd8+
{[%clk 0:51:29]} Qxd8 {[%clk 0:09:55]} 25. Bxe5 {[%clk 0:51:49]} Qd1+
{[%clk 0:04:11]} 26. Kh2 {[%clk 0:52:14]} Be7 {[%clk 0:03:23]} 27. Qe4
{[%clk 0:48:55]} Qd7 {[%clk 0:03:41]} 28. Bd4 {[%clk 0:46:57]} Nc8
{[%clk 0:02:39]} 29. Kh1 {[%clk 0:47:07]} g5 {[%clk 0:01:10]} 30. Ne5
{[%clk 0:46:57]} Nd6 {[%clk 0:01:02]} 31. Qxh4 {[%clk 0:43:49]} Qf5
{[%clk 0:01:05]} 32. Qh5 {[%clk 0:43:47]} Ne4 {[%clk 0:00:41]} 33. Qf3
{[%clk 0:44:07]} Qh7 {[%clk 0:00:47]} 34. Kg1 {[%clk 0:41:46]} f5
{[%clk 0:00:45]} 35. Nd3 {[%clk 0:41:22]} a6 {[%clk 0:00:33]} 36. Nf2
{[%clk 0:41:38]} Nd6 {[%clk 0:00:42]} 37. c5 {[%clk 0:42:00]} Ne4
{[%clk 0:00:34]} 38. Nxe4 {[%clk 0:42:08]} fxe4 {[%clk 0:01:02]} 39. Qg4
{[%clk 0:42:32]} Kf7 {[%clk 0:01:13]} 40. Qd7 {[%clk 1:12:36]} Qh4
{[%clk 0:31:10]} 41. Qd5+ {[%clk 1:12:33]} 1-0

[Event "High League 2022 men"]
[Site "Obninsk"]
[Date "2022.06.26"]
[Round "1.16"]
[White "Shchukin, Maksim"]
[Black "Kokarev, Dmitry"]
[Result "0-1"]
[LiveChessVersion "1.4.7"]
[BlackElo "2582"]
[WhiteElo "2361"]

1. Nf3 {[%clk 1:30:57]} g6 {[%clk 1:30:50]} 2. e4 {[%clk 1:31:14]} Bg7
{[%clk 1:31:12]} 3. d4 {[%clk 1:31:33]} d6 {[%clk 1:31:34]} 4. Nc3
{[%clk 1:31:00]} Nf6 {[%clk 1:31:43]} 5. h3 {[%clk 1:30:43]} O-O {[%clk 1:31:11]}
6. Be3 {[%clk 1:30:46]} a6 {[%clk 1:30:22]} 7. a4 {[%clk 1:30:01]} b6
{[%clk 1:29:47]} 8. Bd3 {[%clk 1:27:43]} Bb7 {[%clk 1:29:23]} 9. O-O
{[%clk 1:27:50]} Nbd7 {[%clk 1:23:02]} 10. Qd2 {[%clk 1:19:36]} e5
{[%clk 1:21:54]} 11. d5 {[%clk 1:06:46]} Nh5 {[%clk 1:15:58]} 12. g4
{[%clk 0:40:02]} Nhf6 {[%clk 1:09:25]} 13. Ne2 {[%clk 0:33:15]} c6
{[%clk 1:06:25]} 14. c4 {[%clk 0:32:43]} Nc5 {[%clk 1:02:56]} 15. Qc2
{[%clk 0:18:53]} Nxd3 {[%clk 0:46:53]} 16. Qxd3 {[%clk 0:19:14]} cxd5
{[%clk 0:45:38]} 17. cxd5 {[%clk 0:18:42]} Bxd5 {[%clk 0:45:39]} 18. exd5
{[%clk 0:11:10]} e4 {[%clk 0:46:00]} 19. Qd1 {[%clk 0:11:20]} exf3
{[%clk 0:46:22]} 20. Nc3 {[%clk 0:10:49]} Nd7 {[%clk 0:42:12]} 21. Qxf3
{[%clk 0:10:43]} f5 {[%clk 0:39:57]} 22. Qg3 {[%clk 0:06:53]} Ne5
{[%clk 0:36:58]} 23. f4 {[%clk 0:02:17]} Nc4 {[%clk 0:37:04]} 24. Bf2
{[%clk 0:02:06]} Rc8 {[%clk 0:35:49]} 25. Rfe1 {[%clk 0:01:14]} Nxb2
{[%clk 0:35:35]} 26. Ne2 {[%clk 0:01:41]} Rc4 {[%clk 0:32:04]} 27. Qb3
{[%clk 0:01:47]} fxg4 {[%clk 0:31:37]} 28. Ra2 {[%clk 0:01:52]} a5
{[%clk 0:31:07]} 29. Rb1 {[%clk 0:01:17]} Rb4 {[%clk 0:27:04]} 30. Qc2
{[%clk 0:01:43]} gxh3 {[%clk 0:25:43]} 31. Raxb2 {[%clk 0:01:57]} Bxb2
{[%clk 0:25:26]} 32. Rxb2 {[%clk 0:02:23]} Rxb2 {[%clk 0:23:51]} 33. Qxb2
{[%clk 0:02:51]} Qd7 {[%clk 0:24:12]} 34. Ng3 {[%clk 0:02:10]} Qxa4
{[%clk 0:22:18]} 35. f5 {[%clk 0:01:44]} Qd1+ {[%clk 0:20:29]} 36. Kh2
{[%clk 0:02:09]} Qxd5 {[%clk 0:20:33]} 37. Bxb6 {[%clk 0:02:21]} gxf5
{[%clk 0:19:18]} 0-1

[Event "High League 2022 men"]
[Site "Obninsk"]
[Date "2022.06.26"]
[Round "1.17"]
[White "Sviridov, Valery"]
[Black "Grigorjev, Iljya"]
[Result "1/2-1/2"]
[LiveChessVersion "1.4.7"]
[BlackElo "2350"]
[WhiteElo "2571"]

1. d4 {[%clk 1:30:55]} Nf6 {[%clk 1:30:45]} 2. c4 {[%clk 1:31:06]} g6
{[%clk 1:30:44]} 3. Nf3 {[%clk 1:30:45]} Bg7 {[%clk 1:30:59]} 4. g3
{[%clk 1:30:30]} O-O {[%clk 1:30:42]} 5. Bg2 {[%clk 1:30:52]} c6 {[%clk 1:30:54]}
6. O-O {[%clk 1:30:52]} d5 {[%clk 1:31:18]} 7. cxd5 {[%clk 1:28:57]} cxd5
{[%clk 1:31:40]} 8. Nc3 {[%clk 1:29:05]} Ne4 {[%clk 1:31:45]} 9. Ng5
{[%clk 1:29:22]} Nxc3 {[%clk 1:29:50]} 10. bxc3 {[%clk 1:29:42]} h6
{[%clk 1:30:15]} 11. Nh3 {[%clk 1:29:57]} Nc6 {[%clk 1:30:20]} 12. Nf4
{[%clk 1:30:13]} e6 {[%clk 1:30:41]} 13. e4 {[%clk 1:29:19]} dxe4
{[%clk 1:30:55]} 14. Bxe4 {[%clk 1:29:43]} Bd7 {[%clk 1:28:24]} 15. Rb1
{[%clk 1:18:58]} b6 {[%clk 1:21:49]} 16. d5 {[%clk 1:07:01]} exd5
{[%clk 1:21:59]} 17. Qxd5 {[%clk 1:06:55]} Ne5 {[%clk 0:58:47]} 18. Qxa8
{[%clk 0:54:17]} Qxa8 {[%clk 0:59:09]} 19. Bxa8 {[%clk 0:54:36]} Rxa8
{[%clk 0:59:34]} 20. Nd5 {[%clk 0:54:52]} Bh3 {[%clk 0:56:55]} 21. Rd1
{[%clk 0:53:03]} Bg4 {[%clk 0:57:16]} 22. Be3 {[%clk 0:49:52]} Bxd1
{[%clk 0:57:34]} 23. Rxd1 {[%clk 0:50:17]} Kf8 {[%clk 0:55:56]} 24. a4
{[%clk 0:43:49]} Nc4 {[%clk 0:51:05]} 25. Bc1 {[%clk 0:42:34]} Rd8
{[%clk 0:47:06]} 26. Kf1 {[%clk 0:42:03]} f5 {[%clk 0:47:29]} 27. Ke2
{[%clk 0:41:56]} Kf7 {[%clk 0:47:50]} 28. Rd3 {[%clk 0:40:26]} Ne5
{[%clk 0:46:19]} 29. Rd1 {[%clk 0:40:45]} Nc4 {[%clk 0:46:42]} 30. Rd3
{[%clk 0:40:33]} Ne5 {[%clk 0:47:04]} 31. Rd1 {[%clk 0:40:59]} 1/2-1/2

[Event "High League 2022 men"]
[Site "Obninsk"]
[Date "2022.06.26"]
[Round "1.18"]
[White "Kotenko, Pavel"]
[Black "Nesterov, Arseniy"]
[Result "0-1"]
[LiveChessVersion "1.4.7"]
[BlackElo "2566"]
[WhiteElo "2323"]

1. e4 {[%clk 1:30:57]} e5 {[%clk 1:30:55]} 2. Nf3 {[%clk 1:31:09]} Nc6
{[%clk 1:31:20]} 3. Bb5 {[%clk 1:31:14]} a6 {[%clk 1:31:46]} 4. Ba4
{[%clk 1:31:37]} Nf6 {[%clk 1:32:12]} 5. O-O {[%clk 1:31:48]} b5 {[%clk 1:32:01]}
6. Bb3 {[%clk 1:32:10]} Bb7 {[%clk 1:31:14]} 7. c3 {[%clk 1:28:20]} Nxe4
{[%clk 1:30:45]} 8. d4 {[%clk 1:28:19]} exd4 {[%clk 1:28:54]} 9. Re1
{[%clk 1:22:23]} d5 {[%clk 1:28:17]} 10. Ng5 {[%clk 1:15:04]} Qd7
{[%clk 1:23:47]} 11. f3 {[%clk 1:10:20]} h6 {[%clk 1:22:02]} 12. Nh3
{[%clk 1:07:28]} O-O-O {[%clk 1:20:14]} 13. fxe4 {[%clk 1:06:59]} dxe4
{[%clk 1:20:27]} 14. Rxe4 {[%clk 0:53:20]} Bc5 {[%clk 1:17:50]} 15. Nf2
{[%clk 0:38:08]} Na5 {[%clk 1:04:39]} 16. Qh5 {[%clk 0:17:19]} Nxb3
{[%clk 0:59:39]} 17. axb3 {[%clk 0:17:39]} Qc6 {[%clk 0:55:22]} 18. b4
{[%clk 0:07:28]} Bb6 {[%clk 0:54:21]} 19. Qh3+ {[%clk 0:04:14]} Kb8
{[%clk 0:53:58]} 20. Bf4 {[%clk 0:03:59]} g5 {[%clk 0:49:40]} 21. Be5
{[%clk 0:02:03]} f6 {[%clk 0:48:48]} 22. Bg3 {[%clk 0:02:10]} Rhe8
{[%clk 0:48:12]} 23. Rxe8 {[%clk 0:01:26]} Rxe8 {[%clk 0:48:40]} 24. Kf1
{[%clk 0:00:58]} Qc4+ {[%clk 0:48:59]} 0-1